000
00349 a2200169 4500
001
183167
020
_a
85-322-0036-2
040
_c
Magnum
100
_a
Gomes, Alvaro Cardoso
240
1
0
_a
A hora do amor
_l
por
245
1
0
_a
A hora do amor
300
_a
127
362
0
_a
1993
440
1
_a
FTD
697
_a
LITERATURA JUVENIL
942
_c
BK
999
_c
183167
_d
183167